[Event "POL-chT 2nd League"]
[Site "Jastrzebia Gora"]
[Date "2015.09.13"]
[Round "9.85"]
[White "Lapaj, Mateusz"]
[Black "Snihur, Piotr"]
[Result "0-1"]
[WhiteElo "2133"]
[BlackElo "2246"]
[PlyCount "80"]
[EventDate "2015.09.05"]
[EventType "team-swiss"]
[EventRounds "9"]
[EventCountry "POL"]
[SourceTitle "EXT 2017"]
[Source "ChessBase"]
[SourceDate "2016.10.25"]
[SourceVersion "1"]
[SourceVersionDate "2016.10.25"]
[SourceQuality "1"]
[WhiteTeam "Jaworzno JKSz MCKiS"]
[BlackTeam "Konin UKS Smecz"]
[WhiteTeamCountry "POL"]
[BlackTeamCountry "POL"]

1. d4 Nf6 2. Nf3 e6 3. g3 d5 4. Bg2 Be7 5. 0-0 0-0 6. c4 dxc4 7. Ne5 Nc6 8. Bxc6 bxc6 9. Nxc6 Qe8 10. Nxe7+ Qxe7 11. Qc2 e5 12. dxe5 Qxe5 13. f3 Qc5+ 14. Rf2 Be6 15. Nc3 Rfd8 16. Na4 Qa5 17. Be3 Nd5 18. Bd2 Qb5 19. e4 Ne7 20. Be3 Rd3 21. Re1 Rad8 22. Rd2 Nc6 23. Nc3 Rxd2 24. Qxd2 Rxd2 25. Nxb5 Rxb2 26. Nc3 Ne5 27. Rf1 Rc2 28. Bd4 Nd3 29. Rb1 f6 30. Nd5 Bxd5 31. exd5 Rc1+ 32. Rxc1 Nxc1 33. Kf2 Nxa2 34. Ke2 a5 35. Kd2 Kf7 36. Kc2 Ke7 37. Bc5+ Kd7 38. Kb2 Nb4 39. Kc3 Nxd5+ 40. Kxc4 Kc6 0-1

[Event "POL-chT 2nd League"]
[Site "Jastrzebia Gora"]
[Date "2015.09.12"]
[Round "8.103"]
[White "Maj, Pawel1111"]
[Black "Lapaj, Mateusz"]
[Result "1/2-1/2"]
[WhiteElo "2078"]
[BlackElo "2133"]
[PlyCount "80"]
[EventDate "2015.09.05"]
[EventType "team-swiss"]
[EventRounds "9"]
[EventCountry "POL"]
[SourceTitle "EXT 2017"]
[Source "ChessBase"]
[SourceDate "2016.10.25"]
[SourceVersion "1"]
[SourceVersionDate "2016.10.25"]
[SourceQuality "1"]
[WhiteTeam "Warszawa Skoczek Trojanski"]
[BlackTeam "Jaworzno JKSz MCKiS"]
[WhiteTeamCountry "POL"]
[BlackTeamCountry "POL"]

1. c4 Nf6 2. Nc3 g6 3. g3 Bg7 4. Bg2 0-0 5. e4 d6 6. Nge2 c5 7. 0-0 Nc6 8. d3 a6 9. h3 Rb8 10. a4 Ne8 11. Be3 Nd4 12. Rb1 Nc7 13. b4 Nce6 14. b5 Bd7 15. f4 Qa5 16. Bd2 Nxe2+ 17. Nxe2 Qc7 18. Kh2 Nd4 19. Nxd4 Bxd4 20. Qe1 axb5 21. axb5 Ra8 22. Bc3 Bxc3 23. Qxc3 e5 24. f5 f6 25. g4 Kg7 26. Ra1 Rfb8 27. Ra3 Qd8 28. Rfa1 Rxa3 29. Rxa3 Qb6 30. Qa5 Qxa5 31. Rxa5 g5 32. Ra7 Kf7 33. Bf3 Ke7 34. Kg3 Kd8 35. Be2 Ke7 36. Bf3 Kd8 37. Be2 Ke7 38. Bf3 Kd8 39. Be2 Ke7 40. Bf3 Kd8 1/2-1/2

[Event "POL-chT 2nd League"]
[Site "Jastrzebia Gora"]
[Date "2015.09.09"]
[Round "5.91"]
[White "Pulik, Krzysztof"]
[Black "Lapaj, Mateusz"]
[Result "1-0"]
[WhiteElo "2137"]
[BlackElo "2133"]
[PlyCount "97"]
[EventDate "2015.09.05"]
[EventType "team-swiss"]
[EventRounds "9"]
[EventCountry "POL"]
[SourceTitle "EXT 2017"]
[Source "ChessBase"]
[SourceDate "2016.10.25"]
[SourceVersion "1"]
[SourceVersionDate "2016.10.25"]
[SourceQuality "1"]
[WhiteTeam "Stara Wies Parnas"]
[BlackTeam "Jaworzno JKSz MCKiS"]
[WhiteTeamCountry "POL"]
[BlackTeamCountry "POL"]

1. e4 c5 2. c3 e6 3. d4 d5 4. exd5 Qxd5 5. Na3 Nf6 6. Nb5 Na6 7. Nf3 Be7 8. Be2 0-0 9. 0-0 cxd4 10. Nbxd4 b6 11. c4 Qd6 12. Nb5 Qb8 13. Bg5 Bb7 14. Qc1 Qc8 15. Qf4 Nc5 16. Nc3 Qc6 17. b4 Nce4 18. Nxe4 Qxe4 19. Qxe4 Bxe4 20. Bd2 Rfd8 21. Rfd1 Rac8 22. Rac1 Bb7 23. Be1 Rxd1 24. Rxd1 Bxf3 25. gxf3 Kf8 26. Kf1 Ke8 27. Bc3 Nh5 28. Ke1 Bf6 29. Bxf6 Nxf6 30. Kd2 Ke7 31. Ke3 b5 32. cxb5 Nd5+ 33. Kd4 Nxb4 34. a3 Nd5 35. Rg1 g6 36. Bc4 Nf4 37. Rb1 Kd6 38. a4 f5 39. Re1 Ng2 40. Rxe6+ Kd7 41. Rf6 Re8 42. Ra6 Ne1 43. Rxa7+ Kd6 44. Ra6+ Kc7 45. Bd5 Re2 46. b6+ Kd7 47. b7 Rb2 48. Ra8 Kc7 49. Rc8+ 1-0

[Event "POL-chT 2nd League"]
[Site "Jastrzebia Gora"]
[Date "2015.09.06"]
[Round "2.32"]
[White "Maciejczak, Jakub"]
[Black "Lapaj, Mateusz"]
[Result "1-0"]
[WhiteElo "2355"]
[BlackElo "2133"]
[PlyCount "87"]
[EventDate "2015.09.05"]
[EventType "team-swiss"]
[EventRounds "9"]
[EventCountry "POL"]
[SourceTitle "EXT 2017"]
[Source "ChessBase"]
[SourceDate "2016.10.25"]
[SourceVersion "1"]
[SourceVersionDate "2016.10.25"]
[SourceQuality "1"]
[WhiteTeam "Ostrow Wielkopolski"]
[BlackTeam "Jaworzno JKSz MCKiS"]
[WhiteTeamCountry "POL"]
[BlackTeamCountry "POL"]

1. c4 Nf6 2. Nc3 g6 3. g3 Bg7 4. Bg2 d6 5. Nf3 0-0 6. 0-0 e5 7. d3 Nbd7 8. Bd2 Re8 9. Ne1 c6 10. Nc2 Nc5 11. b4 Ne6 12. b5 Bd7 13. a4 Qc7 14. a5 cxb5 15. Nxb5 Bxb5 16. cxb5 Rac8 17. Nb4 Nd4 18. a6 bxa6 19. bxa6 Qb6 20. Bb7 Rc5 21. Rb1 Rb5 22. e3 Ne6 23. Nc6 Nd8 24. Ba5 Rxb1 25. Qxb1 Qxb1 26. Rxb1 Nxc6 27. Bxc6 Rc8 28. Bb7 Rc2 29. Bb6 axb6 30. a7 Ra2 31. a8Q+ Rxa8 32. Bxa8 Nd7 33. Bc6 Nc5 34. Rxb6 Nxd3 35. Bd5 Nc5 36. Rxd6 Bf8 37. Rc6 Be7 38. Kf1 Kf8 39. Rc8+ Kg7 40. Ke2 Ne6 41. Bxe6 fxe6 42. Kd3 Bf6 43. Rc7+ Kg8 44. Ke4 1-0

[Event "POL-chT 2nd League"]
[Site "Szczyrk"]
[Date "2014.09.11"]
[Round "6.34"]
[White "Mazalon, Mariusz"]
[Black "Lapaj, Mateusz"]
[Result "0-1"]
[WhiteElo "2037"]
[BlackElo "2107"]
[PlyCount "64"]
[EventDate "2014.09.06"]
[EventType "team-swiss"]
[EventRounds "9"]
[EventCountry "POL"]
[SourceTitle "EXT 2015"]
[Source "ChessBase"]
[SourceDate "2014.11.20"]
[SourceVersion "1"]
[SourceVersionDate "2014.11.20"]
[SourceQuality "1"]
[WhiteTeam "Bydgoszcz Chemik"]
[BlackTeam "Jaworzno JKSz MCKiS"]
[WhiteTeamCountry "POL"]
[BlackTeamCountry "POL"]

1. d4 Nf6 2. c4 g6 3. Nc3 Bg7 4. e4 d6 5. Bd3 0-0 6. Nge2 e5 7. d5 c6 8. h3 cxd5 9. cxd5 Nbd7 10. Bg5 Nc5 11. Bc2 a6 12. 0-0 Qe8 13. b4 Ncd7 14. a4 Nh5 15. Ra3 f5 16. exf5 gxf5 17. Ng3 Nxg3 18. fxg3 Qg6 19. Bh4 e4 20. g4 Ne5 21. gxf5 Bxf5 22. Rxf5 Qxf5 23. Nxe4 Qd7 24. Ng5 Ng6 25. Bg3 Rac8 26. Kh2 Rfe8 27. Qh5 Be5 28. Bf5 Qxf5 29. Qxh7+ Kf8 30. Rf3 Bxg3+ 31. Kxg3 Rc3 32. Qg7+ Kxg7 0-1